[Event "Howard Ridout Swiss U1700"]
[Site "Toronto CAN"]
[Date "2010.09.09"]
[Round "1"]
[White "Roy, Lawrence"]
[Black "Zhang, John"]
[Result "0-1"]
[WhiteElo "888"]
[BlackElo "1435"]
[PlyCount "70"]
[EventDate "2010.09.09"]
[EventType "swiss"]
[EventRounds "6"]
[EventCountry "CAN"]

1. e4 e5 2. Nf3 Nc6 3. Nc3 Nf6 4. Bb5 d6 5. O-O Be7 6. Bxc6+ bxc6 7. d4 exd4 8.
Nxd4 Qd7 9. Re1 O-O 10. h3 Ba6 11. b3 Rfe8 12. Ba3 c5 13. Nf5 g6 14. Nxe7+ Qxe7
15. f3 c6 16. b4 Qe5 17. bxc5 Qxc3 18. cxd6 Qxa3 19. Rb1 Red8 20. e5 Nd5 21. e6
fxe6 22. Rxe6 Qc5+ 23. Kh1 Nc3 24. Qe1 Nxb1 25. Qxb1 Rxd6 26. Rxd6 Qxd6 27. c3
Rb8 28. Qc1 Bd3 29. Qd1 Rb1 30. Qxb1 Bxb1 31. c4 Bxa2 32. Kg1 Bxc4 33. h4 Qg3
34. Kh1 Bf1 35. Kg1 Qxg2# 0-1

[Event "Howard Ridout Swiss U1700"]
[Site "Toronto CAN"]
[Date "2010.09.09"]
[Round "1"]
[White "Smith, Maurice"]
[Black "Vyravanathan, Sobiga"]
[Result "1/2-1/2"]
[WhiteElo "1564"]
[BlackElo "1247"]
[PlyCount "110"]
[EventDate "2010.09.09"]
[EventType "swiss"]
[EventRounds "6"]
[EventCountry "CAN"]

1. d4 Nf6 2. c4 e6 3. Nf3 Bb4+ 4. Bd2 Nc6 5. a3 Bxd2+ 6. Nbxd2 O-O 7. e3 d5 8.
Bd3 Re8 9. O-O e5 10. dxe5 Nxe5 11. Nxe5 Rxe5 12. Nf3 Bg4 13. h3 Bxf3 14. Qxf3
Ne4 15. Bxe4 Rxe4 16. Rfd1 Rxc4 17. Rxd5 Qe7 18. Rad1 Rf8 19. Rd7 Qc5 20. Qxb7
Rc1 21. Qf3 Qc2 22. Rxc1 Qxc1+ 23. Qd1 Qxb2 24. a4 Qb6 25. Qd4 Qxd4 26. exd4
Rc8 27. f3 Kf8 28. Kf2 Ke8 29. Rd5 Ke7 30. Ke3 Ke6 31. Ra5 Ra8 32. f4 f6 33. g4
g6 34. Ke4 h6 35. Ra6+ Kf7 36. Rc6 Rc8 37. d5 Re8+ 38. Kd4 Rc8 39. d6 Rd8 40.
Rxc7+ Ke6 41. Rxa7 Rxd6+ 42. Ke3 Rd1 43. Rh7 Ra1 44. Rxh6 Rxa4 45. Rxg6 Ra3+
46. Ke4 Ra4+ 47. Ke3 Ra3+ 48. Kd2 Rxh3 49. g5 Kf5 50. Rxf6+ Ke4 51. g6 Kd4 52.
Rd6+ Ke4 53. f5 Kxf5 54. g7 Rg3 55. Rd8 Rxg7 1/2-1/2

[Event "Howard Ridout Swiss U1700"]
[Site "Toronto CAN"]
[Date "2010.09.09"]
[Round "1"]
[White "Thanabalachandran, Luxiga"]
[Black "Liu, Peter"]
[Result "0-1"]
[WhiteElo "564"]
[BlackElo "1219"]
[PlyCount "66"]
[EventDate "2010.09.09"]
[EventType "swiss"]
[EventRounds "6"]
[EventCountry "CAN"]

1. e4 c5 2. Nf3 d6 3. d4 cxd4 4. Nxd4 Nf6 5. Nc3 g6 6. Bg5 Bg7 7. Bc4 O-O 8.
Qd2 Nc6 9. Nf3 Bg4 10. Nd4 Nxe4 11. Nxe4 Nxd4 12. Qxd4 Bxd4 13. O-O d5 14. c3
dxc4 15. cxd4 Qxd4 16. Nc3 Qe5 17. Be3 Rad8 18. f3 Qxe3+ 19. Rf2 Rd2 20. Raf1
Rxf2 21. Rxf2 Bf5 22. Nd5 Qc1+ 23. Rf1 Qxb2 24. Nxe7+ Kg7 25. Nd5 Qd4+ 26. Kh1
Qxd5 27. g4 Bd3 28. Rd1 Qxf3+ 29. Kg1 Qxd1+ 30. Kf2 Qf1+ 31. Kg3 g5 32. h4 Qf4+
33. Kh3 Bf1# 0-1

[Event "Howard Ridout Swiss U1700"]
[Site "Toronto CAN"]
[Date "2010.09.16"]
[Round "2"]
[White "Cui, Gordon"]
[Black "Smith, Maurice"]
[Result "0-1"]
[WhiteElo "1363"]
[BlackElo "1564"]
[PlyCount "114"]
[EventDate "2010.09.09"]
[EventType "swiss"]
[EventRounds "6"]
[EventCountry "CAN"]

1. e4 c5 2. Nf3 d6 3. Bb5+ Bd7 4. Bxd7+ Qxd7 5. O-O Nf6 6. d3 g6 7. Nc3 Bg7 8.
Be3 Nc6 9. Qd2 Ng4 10. Bf4 Nge5 11. Nxe5 Nxe5 12. Bh6 O-O 13. Bxg7 Kxg7 14.
Rfe1 Nc6 15. Re3 e6 16. Rh3 h5 17. Re1 a6 18. Rxh5 Rh8 19. Rxh8 Rxh8 20. Ne2
Qe7 21. Qc3+ e5 22. h3 Qg5 23. Ng3 Nd4 24. Re3 b5 25. Qd2 b4 26. c3 bxc3 27.
bxc3 Ne6 28. Nf5+ Kf8 29. Ng3 Nf4 30. d4 cxd4 31. cxd4 Qe7 32. dxe5 dxe5 33.
Qc3 Kg7 34. Rf3 Qg5 35. Kf1 Rd8 36. Qc2 Qe7 37. Ne2 Ne6 38. Ke1 Qb4+ 39. Qc3
Qb1+ 40. Nc1 Qxe4+ 41. Re3 Qd4 42. Qxd4 exd4 43. Rd3 Nf4 44. Ra3 Rd6 45. g3
Nxh3 46. f4 Re6+ 47. Kf1 g5 48. Kg2 g4 49. Rd3 Re1 50. Nb3 Re2+ 51. Kf1 Rxa2
52. Rxd4 Rf2+ 53. Ke1 Rg2 54. Rd3 Rg1+ 55. Kd2 Rg2+ 56. Kc3 Nf2 57. Rd6 Ne4+
0-1

[Event "Howard Ridout Swiss U1700"]
[Site "Toronto CAN"]
[Date "2010.09.16"]
[Round "2"]
[White "Dattani, Dinesh"]
[Black "Thanabalachandran, Kajan"]
[Result "0-1"]
[WhiteElo "1440"]
[BlackElo "1586"]
[PlyCount "78"]
[EventDate "2010.09.09"]
[EventType "swiss"]
[EventRounds "6"]
[EventCountry "CAN"]

1. e4 c5 2. Nf3 Nc6 3. d4 cxd4 4. Nxd4 Nf6 5. Nc3 d6 6. Be2 e6 7. Be3 Be7 8.
Qd2 O-O 9. Nb3 Bd7 10. O-O-O a6 11. f3 Rc8 12. h4 Nh5 13. Bf2 Ne5 14. f4 Nc4
15. Bxc4 Rxc4 16. Qe2 Rxc3 17. bxc3 Nxf4 18. Qf3 Ng6 19. h5 Ne5 20. Qg3 h6 21.
Be3 Kh7 22. Kb1 Nc4 23. Bf4 Na3+ 24. Kc1 Nb5 25. Bxd6 Bxd6 26. Rxd6 Nxd6 27.
Qxd6 Bc6 28. Qd3 Qg5+ 29. Qd2 Bxe4 30. Qxg5 hxg5 31. Nc5 Bd5 32. Kb2 Kh6 33.
Rh2 Rc8 34. Nd7 Rc7 35. Ne5 f6 36. Ng4+ Kh7 37. h6 Rc4 38. Ne3 Rh4 39. hxg7
Rxh2 0-1

[Event "Howard Ridout Swiss U1700"]
[Site "Toronto CAN"]
[Date "2010.09.16"]
[Round "2"]
[White "Graham, John"]
[Black "Thanabalachandran, Luxiga"]
[Result "0-1"]
[WhiteElo "1486"]
[BlackElo "564"]
[PlyCount "56"]
[EventDate "2010.09.09"]
[EventType "swiss"]
[EventRounds "6"]
[EventCountry "CAN"]

1. c4 e5 2. e3 Nc6 3. a3 Bc5 4. Nc3 Nf6 5. Be2 d6 6. d3 O-O 7. Nf3 Bf5 8. O-O
Re8 9. Nd2 Qe7 10. Nce4 Nxe4 11. Nxe4 Bxe4 12. dxe4 Qh4 13. Bd3 Re6 14. Qe2 Rh6
15. h3 Rg6 16. Qf3 Qf6 17. Qe2 Qg5 18. f4 exf4 19. Kh1 fxe3 20. Rf5 Qg3 21. Rf3
Qe5 22. Rf5 Nd4 23. Qxe3 Nxf5 24. exf5 Bxe3 25. fxg6 fxg6 26. Bxe3 Qxe3 27. Rd1
Qd4 28. b3 Qc3 0-1

[Event "Howard Ridout Swiss U1700"]
[Site "Toronto CAN"]
[Date "2010.09.16"]
[Round "2"]
[White "Karpik, Steve"]
[Black "Zhang, John"]
[Result "1-0"]
[WhiteElo "1581"]
[BlackElo "1435"]
[PlyCount "90"]
[EventDate "2010.09.09"]
[EventType "swiss"]
[EventRounds "6"]
[EventCountry "CAN"]

1. Nf3 Nf6 2. g3 g6 3. Bg2 Bg7 4. Nc3 O-O 5. O-O d6 6. d4 Nbd7 7. Bf4 c5 8. d5
Nb6 9. e4 Bd7 10. Nd2 Qc7 11. Rb1 e5 12. Bg5 h6 13. Be3 Ng4 14. Re1 f5 15. exf5
Bxf5 16. f3 Nf6 17. Nce4 Nfxd5 18. c4 Nxe3 19. Rxe3 Rad8 20. g4 Be6 21. b3 d5
22. cxd5 Nxd5 23. Re1 Nf4 24. Qc2 Nxg2 25. Kxg2 b6 26. Nc4 Qf7 27. Re3 Qf4 28.
Rbe1 Rd4 29. Ned6 Bxc4 30. Nxc4 Rfd8 31. Qxg6 Kh8 32. Re4 Rxe4 33. Rxe4 Qc1 34.
Nxe5 Rd2+ 35. Kg3 Bxe5+ 36. Rxe5 Qg1+ 37. Kf4 Rd4+ 38. Re4 Qxh2+ 39. Kf5 Rd5+
40. Kf6 Rd6+ 41. Re6 Qb2+ 42. Kf7 Rd7+ 43. Ke8 Rh7 44. Kf8 Qg7+ 45. Qxg7+ Rxg7
1-0

[Event "Howard Ridout Swiss U1700"]
[Site "Toronto CAN"]
[Date "2010.09.16"]
[Round "2"]
[White "Liu, Peter"]
[Black "Azizi, Hamid"]
[Result "1/2-1/2"]
[WhiteElo "1219"]
[BlackElo "1545"]
[PlyCount "103"]
[EventDate "2010.09.09"]
[EventType "swiss"]
[EventRounds "6"]
[EventCountry "CAN"]

1. e4 c6 2. d4 d5 3. Nc3 Nf6 4. e5 Nfd7 5. Nf3 Nb6 6. Bd3 Bg4 7. h3 Bh5 8. O-O
e6 9. a3 c5 10. Bg5 Be7 11. Bb5+ N6d7 12. Bxe7 Qxe7 13. dxc5 Qxc5 14. Qd4 O-O
15. Bxd7 Nxd7 16. Qxc5 Nxc5 17. b4 Nd7 18. Nd4 Nxe5 19. f4 Nc4 20. g4 Bg6 21.
f5 exf5 22. gxf5 Bh5 23. Nxd5 Rad8 24. Ne7+ Kh8 25. Rf4 Ne3 26. Rh4 Rfe8 27. c3
Rxe7 28. Rxh5 Rd5 29. Re1 g6 30. Rg5 Nxf5 31. Rxe7 Nxe7 32. Rg4 Re5 33. Kf2 Nd5
34. c4 Ne3 35. Rf4 f5 36. c5 g5 37. Rf3 f4 38. a4 Nd1+ 39. Kf1 Ne3+ 40. Kf2 Re4
41. Nb5 a6 42. Nd6 Rxb4 43. Nf7+ Kg7 44. Nxg5 Kg6 45. Ne6 Kf5 46. Nxf4 Rxf4 47.
Kxe3 Rxf3+ 48. Kxf3 h5 49. a5 h4 50. Ke3 Ke5 51. Kf3 Kf5 52. Ke3 1/2-1/2

[Event "Howard Ridout Swiss U1700"]
[Site "Toronto CAN"]
[Date "2010.09.16"]
[Round "2"]
[White "Muir, Tom"]
[Black "Zhao, Yue Tong (Davy)"]
[Result "1-0"]
[WhiteElo "1548"]
[BlackElo "1424"]
[PlyCount "81"]
[EventDate "2010.09.09"]
[EventType "swiss"]
[EventRounds "6"]
[EventCountry "CAN"]

1. d4 Nf6 2. c4 e6 3. Nc3 Bb4 4. Qc2 Nc6 5. Nf3 d5 6. cxd5 Nxd5 7. e3 Nxc3 8.
bxc3 Bd6 9. Bd3 h6 10. O-O g5 11. Bb5 Bd7 12. e4 a6 13. Bd3 g4 14. Ne1 Qh4 15.
e5 Be7 16. f4 O-O-O 17. Qe2 Nb8 18. Rb1 Rhg8 19. Be3 f6 20. Nc2 Bc6 21. Bf2 Qh5
22. exf6 Bd6 23. Qxe6+ Bd7 24. Qb3 b5 25. Bg3 Rgf8 26. a4 c6 27. axb5 cxb5 28.
c4 Be6 29. d5 Bg8 30. Nd4 Bc5 31. Bf2 Rxf6 32. g3 Rxd5 33. cxd5 Bxd5 34. Qc2
Qh3 35. Qxc5+ Bc6 36. Nxc6 Rxc6 37. Bf5+ Kd8 38. Rbd1+ Ke8 39. Rfe1+ Kf7 40.
Qe7+ Kg8 41. Rd8# 1-0

[Event "Howard Ridout Swiss U1700"]
[Site "Toronto CAN"]
[Date "2010.09.16"]
[Round "2"]
[White "Philip, Andrew"]
[Black "Termeer, Ted"]
[Result "0-1"]
[WhiteElo "1588"]
[BlackElo "1438"]
[PlyCount "93"]
[EventDate "2010.09.09"]
[EventType "swiss"]
[EventRounds "6"]
[EventCountry "CAN"]

1. d4 Nf6 2. Bg5 d6 3. Bxf6 exf6 4. e3 Be7 5. Bd3 c6 6. Nd2 b6 7. Ngf3 Bg4 8.
O-O Nd7 9. c3 Qc7 10. Qc2 Nf8 11. e4 Bxf3 12. Nxf3 Ng6 13. g3 c5 14. Qa4+ Kf8
15. Nd2 h5 16. h4 Qc8 17. Rfe1 Nxh4 18. Bf1 Ng6 19. Bg2 Qd8 20. Qd1 h4 21. Qg4
hxg3 22. fxg3 Rb8 23. Rad1 Qc8 24. Qf5 Rh6 25. Qf3 c4 26. Nf1 b5 27. Ne3 Rh7
28. Nd5 Bd8 29. Rf1 Bb6 30. Nxf6 gxf6 31. Qxf6 Ne5 32. Qxd6+ Kg8 33. Qxe5 Bc7
34. Qf5 Qxf5 35. Rxf5 Bxg3 36. Rg5+ Rg7 37. Rxg7+ Kxg7 38. d5 Bd6 39. a3 Re8
40. Kf2 Rh8 41. Kf3 Rh2 42. Re1 Kf8 43. e5 Bc5 44. e6 fxe6 45. dxe6 Ke7 46. Kg3
Rh8 47. Re4 0-1

[Event "Howard Ridout Swiss U1700"]
[Site "Toronto CAN"]
[Date "2010.09.16"]
[Round "2"]
[White "Roy, Lawrence"]
[Black "Moffat, Anthony"]
[Result "0-1"]
[WhiteElo "888"]
[BlackElo "1409"]
[PlyCount "58"]
[EventDate "2010.09.09"]
[EventType "swiss"]
[EventRounds "6"]
[EventCountry "CAN"]

1. e4 c5 2. Nf3 d6 3. d4 cxd4 4. Nxd4 Nf6 5. Nc3 a6 6. Be2 e6 7. O-O Be7 8. h3
O-O 9. Bg5 Nbd7 10. Bxf6 Bxf6 11. Re1 b5 12. Bf3 Bb7 13. e5 Bxf3 14. Nxf3 Nxe5
15. Nxe5 Bxe5 16. Re3 Qc7 17. Rb1 d5 18. Qe1 d4 19. Rf3 dxc3 20. bxc3 Rac8 21.
Rb3 Rfd8 22. Re3 Bf6 23. Rd3 b4 24. cxb4 Qxc2 25. Rxd8+ Rxd8 26. Qc3 Bxc3 27.
b5 Be5 28. g3 Rd1+ 29. Kh2 Qxf2# 0-1

[Event "Howard Ridout Swiss U1700"]
[Site "Toronto CAN"]
[Date "2010.09.16"]
[Round "2"]
[White "Vyravanathan, Sobiga"]
[Black "Veecock, Carl"]
[Result "1-0"]
[WhiteElo "1247"]
[BlackElo "1462"]
[PlyCount "45"]
[EventDate "2010.09.09"]
[EventType "swiss"]
[EventRounds "6"]
[EventCountry "CAN"]

1. e4 g6 2. d4 Bg7 3. Nc3 Nf6 4. e5 Ng8 5. Nf3 e6 6. Bg5 Ne7 7. Be2 b6 8. d5 h6
9. Bh4 g5 10. Bg3 Nf5 11. dxe6 fxe6 12. Bd3 O-O 13. Bxf5 exf5 14. Qd5+ Rf7 15.
Qxa8 Nc6 16. Rd1 f4 17. e6 Re7 18. Bxf4 gxf4 19. O-O Rxe6 20. Nb5 Rg6 21. Nxa7
Nxa7 22. Qxa7 Qg5 23. Nxg5 1-0

[Event "Howard Ridout Swiss U1700"]
[Site "Toronto CAN"]
[Date "2010.09.23"]
[Round "3"]
[White "Azizi, Hamid"]
[Black "Vyravanathan, Sobiga"]
[Result "1-0"]
[WhiteElo "1545"]
[BlackElo "1247"]
[PlyCount "123"]
[EventDate "2010.09.09"]
[EventType "swiss"]
[EventRounds "6"]
[EventCountry "CAN"]

1. e4 c5 2. Nf3 Nc6 3. d4 cxd4 4. Nxd4 Nf6 5. Nc3 d6 6. Bc4 Qa5 7. O-O Qc5 8.
Bb5 a6 9. Nb3 Qe5 10. f4 Qe6 11. f5 Qd7 12. Bc4 Ne5 13. Qe2 Qc7 14. Nd5 Nxd5
15. Bxd5 Bd7 16. a4 Bc6 17. c4 Qb6+ 18. Qe3 Qxe3+ 19. Bxe3 Bxd5 20. cxd5 g6 21.
Bd4 Bg7 22. Rac1 Kd7 23. Rc2 Rac8 24. Rfc1 Rhg8 25. Rxc8 Rxc8 26. Rxc8 Kxc8 27.
Kf1 Kc7 28. a5 Bh6 29. Bb6+ Kd7 30. Ke2 Nc4 31. Bd4 e6 32. fxe6+ fxe6 33. Kd3
Ne5+ 34. Bxe5 dxe5 35. Nc5+ Kd6 36. Nxb7+ Kc7 37. dxe6 Bg5 38. Nc5 Kd6 39. Kc4
Bd8 40. Nb7+ Kc7 41. Nxd8 Kxd8 42. Kd5 Ke7 43. Kxe5 h5 44. h4 Kf8 45. Kf6 Ke8
46. Kxg6 Ke7 47. Kf5 Ke8 48. e5 Ke7 49. g3 Ke8 50. Kf6 Kf8 51. Kg5 Ke7 52. Kf5
Ke8 53. g4 hxg4 54. Kxg4 Ke7 55. Kf5 Ke8 56. h5 Kf8 57. h6 Kg8 58. Kf6 Kh7 59.
Kg5 Kg8 60. Kg6 Kh8 61. e7 Kg8 62. e8=Q# 1-0

[Event "Howard Ridout Swiss U1700"]
[Site "Toronto CAN"]
[Date "2010.09.23"]
[Round "3"]
[White "Lin, Benjamin"]
[Black "Philip, Andrew"]
[Result "0-1"]
[WhiteElo "1076"]
[BlackElo "1588"]
[PlyCount "58"]
[EventDate "2010.09.09"]
[EventType "swiss"]
[EventRounds "6"]
[EventCountry "CAN"]

1. c4 Nf6 2. d4 e6 3. Nf3 b6 4. Nc3 Bb4 5. Bd2 Bb7 6. g3 O-O 7. Bg2 d6 8. O-O
Nbd7 9. a3 Bxc3 10. Bxc3 Ne4 11. Qd3 Nxc3 12. Qxc3 Nf6 13. Ng5 Bxg2 14. Kxg2
Qe7 15. e4 h6 16. e5 hxg5 17. exf6 gxf6 18. Rfe1 Kg7 19. d5 e5 20. Qe3 Rae8 21.
f4 Rh8 22. fxe5 fxe5 23. h4 gxh4 24. Qe4 Qg5 25. Re3 f5 26. Qd3 f4 27. Rf3 hxg3
28. Qb3 Qh4 29. Ra2 Qh1# 0-1

[Event "Howard Ridout Swiss U1700"]
[Site "Toronto CAN"]
[Date "2010.09.23"]
[Round "3"]
[White "Moffat, Anthony"]
[Black "Dattani, Dinesh"]
[Result "0-1"]
[WhiteElo "1409"]
[BlackElo "1440"]
[PlyCount "86"]
[EventDate "2010.09.09"]
[EventType "swiss"]
[EventRounds "6"]
[EventCountry "CAN"]

1. e4 e5 2. Nf3 Nf6 3. Nc3 Nc6 4. Bb5 d6 5. O-O Bd7 6. d4 Nxd4 7. Nxd4 Bxb5 8.
Ndxb5 Qd7 9. Na3 Be7 10. Bg5 O-O 11. Nc4 Qc6 12. Ne3 Rfe8 13. Qf3 Nd7 14. Bxe7
Rxe7 15. Ncd5 Re6 16. c3 Nc5 17. Nf5 Qd7 18. Qg3 g6 19. Nh6+ Kg7 20. Nf5+ Kh8
21. Nh4 Nxe4 22. Qd3 Nf6 23. Ne3 Nh5 24. Qe4 c6 25. Ng4 f5 26. Nxf5 gxf5 27.
Qxf5 Ng7 28. Qf3 Rg6 29. Rfe1 Qxg4 30. Qxg4 Rxg4 31. h3 Rg6 32. b4 Rf8 33. c4
a6 34. c5 Rf5 35. Rad1 d5 36. a4 Ne6 37. Rc1 Nd4 38. b5 Nf3+ 39. Kf1 Nxe1 40.
Kxe1 Rxg2 41. bxc6 Rg1+ 42. Kd2 Rxc1 43. Kxc1 bxc6 0-1

[Event "Howard Ridout Swiss U1700"]
[Site "Toronto CAN"]
[Date "2010.09.23"]
[Round "3"]
[White "Roy, Harrison"]
[Black "Graham, John"]
[Result "0-1"]
[WhiteElo "909"]
[BlackElo "1486"]
[PlyCount "26"]
[EventDate "2010.09.09"]
[EventType "swiss"]
[EventRounds "6"]
[EventCountry "CAN"]

1. e4 c5 2. Nf3 Nc6 3. d4 e6 4. dxc5 Bxc5 5. Be2 Nge7 6. Bg5 f6 7. Bh4 Ng6 8.
g3 O-O 9. Bc4 Qb6 10. g4 Nxh4 11. Nxh4 Bxf2+ 12. Kf1 Bxh4 13. Nd2 Qf2# 0-1

[Event "Howard Ridout Swiss U1700"]
[Site "Toronto CAN"]
[Date "2010.09.23"]
[Round "3"]
[White "Super, Russell"]
[Black "Liu, Peter"]
[Result "1-0"]
[WhiteElo "1468"]
[BlackElo "1219"]
[PlyCount "119"]
[EventDate "2010.09.09"]
[EventType "swiss"]
[EventRounds "6"]
[EventCountry "CAN"]

1. e4 c5 2. Nf3 d6 3. d4 cxd4 4. Nxd4 Nf6 5. Nc3 g6 6. Be2 Bg7 7. O-O Nc6 8. h3
Nxe4 9. Nxc6 Nxc3 10. Nxd8 Nxd1 11. Nxf7 O-O 12. Rxd1 Rxf7 13. Bc4 e6 14. Rxd6
Rf6 15. c3 Bf8 16. Rd8 Kg7 17. Be3 Be7 18. Rd2 Rf5 19. Re1 Bf6 20. Bb3 Re5 21.
Kf1 b6 22. Red1 Ba6+ 23. Kg1 Rc8 24. Bd4 Re4 25. Bxf6+ Kxf6 26. f3 Re5 27. Kf2
Bb5 28. Re1 Rcc5 29. Rdd1 a5 30. Rxe5 Rxe5 31. Re1 a4 32. Rxe5 Kxe5 33. Bc2 Bc6
34. Ke3 b5 35. f4+ Kd6 36. g3 Bd5 37. b3 axb3 38. Bxb3 Bg2 39. h4 e5 40. a3
exf4+ 41. Kxf4 h6 42. Bf7 Kc5 43. Ke5 Bf1 44. Kf6 Bd3 45. Bxg6 Kc4 46. Bxd3+
Kxd3 47. g4 Kxc3 48. g5 hxg5 49. hxg5 Kb3 50. g6 Kxa3 51. g7 b4 52. g8=Q b3 53.
Qa8+ Kb2 54. Ke5 Kc2 55. Qc6+ Kb1 56. Kd4 b2 57. Kd3 Ka2 58. Qa4+ Kb1 59. Kc3
Kc1 60. Qc2# 1-0

[Event "Howard Ridout Swiss U1700"]
[Site "Toronto CAN"]
[Date "2010.09.23"]
[Round "3"]
[White "Thanabalachandran, Kajan"]
[Black "Muir, Tom"]
[Result "0-1"]
[WhiteElo "1586"]
[BlackElo "1548"]
[PlyCount "158"]
[EventDate "2010.09.09"]
[EventType "swiss"]
[EventRounds "6"]
[EventCountry "CAN"]

1. e4 c6 2. d4 d5 3. e5 Bf5 4. Nf3 e6 5. Nc3 c5 6. Be3 Nc6 7. Bb5 a6 8. Bd3
Bxd3 9. Qxd3 c4 10. Qd1 Bb4 11. Bd2 b5 12. O-O Nge7 13. a3 Ba5 14. Ne2 b4 15.
axb4 Bxb4 16. Qe1 Bxd2 17. Qxd2 O-O 18. Ng3 Ng6 19. Rfd1 Nh4 20. Nxh4 Qxh4 21.
Ne2 Rfb8 22. Rab1 a5 23. Qf4 Qxf4 24. Nxf4 a4 25. h3 Nb4 26. Rd2 Nc6 27. Ne2 a3
28. c3 Rb7 29. Ra1 Rba7 30. bxa3 Rxa3 31. Rxa3 Rxa3 32. Rb2 g6 33. Rb6 Na5 34.
Ra6 Ra1+ 35. Kh2 Nb3 36. Rxa1 Nxa1 37. Nc1 Nb3 38. Na2 Kf8 39. Kg3 Ke7 40. Kf4
f5 41. Kg5 Kf7 42. Kh6 Kg8 43. Nb4 Nd2 44. f3 Nb1 45. Na2 Kh8 46. f4 Kg8 47. g4
Nd2 48. Nb4 Ne4 49. Na2 Kh8 50. gxf5 gxf5 51. Kh5 Kg7 52. Kh4 Kh6 53. Nb4 Nxc3
54. Kg3 Ne2+ 55. Kf2 Nxd4 56. Ke3 Nb3 57. Nc2 Kh5 58. Kf3 Kh4 59. Kg2 d4 60.
Na3 c3 61. Kf3 Nc5 62. Ke2 Kxh3 63. Kd1 Kg3 64. Kc2 Kxf4 65. Nc4 h5 66. Kd1 h4
67. Ke2 h3 68. Kf2 c2 69. Nd2 Ne4+ 70. Ke2 c1=Q 71. Nf1 Qc2+ 72. Ke1 Qf2+ 73.
Kd1 Qxf1+ 74. Kc2 Qc4+ 75. Kb2 h2 76. Ka3 h1=Q 77. Kb2 Qc3+ 78. Ka2 Qh2+ 79.
Kb1 Qcb2# 0-1

[Event "Howard Ridout Swiss U1700"]
[Site "Toronto CAN"]
[Date "2010.09.23"]
[Round "3"]
[White "Veecock, Carl"]
[Black "Cui, Gordon"]
[Result "0-1"]
[WhiteElo "1462"]
[BlackElo "1363"]
[PlyCount "50"]
[EventDate "2010.09.09"]
[EventType "swiss"]
[EventRounds "6"]
[EventCountry "CAN"]

1. Nf3 Nc6 2. g3 e5 3. Nc3 Nf6 4. Bg2 Bc5 5. O-O d5 6. Nxe5 Nxe5 7. d4 Bxd4 8.
Qxd4 Nc6 9. Qe3+ Be6 10. Qd2 O-O 11. b3 Re8 12. Bb2 Qd7 13. Rad1 Bh3 14. Rfe1
Bxg2 15. Kxg2 d4 16. Nb5 Qd5+ 17. f3 Qxb5 18. a4 Qb4 19. Qxb4 Nxb4 20. Rd2 Rad8
21. Kf2 c5 22. Red1 Nc6 23. c3 dxc3 24. Bxc3 Rxd2 25. Rxd2 Rd8 0-1

[Event "Howard Ridout Swiss U1700"]
[Site "Toronto CAN"]
[Date "2010.09.30"]
[Round "4"]
[White "Cui, Gordon"]
[Black "Moraitis, Isaac"]
[Result "0-1"]
[WhiteElo "1363"]
[BlackElo "1241"]
[PlyCount "122"]
[EventDate "2010.09.09"]
[EventType "swiss"]
[EventRounds "6"]
[EventCountry "CAN"]

1. e4 e5 2. Nf3 Nc6 3. Bc4 d6 4. Nc3 Bg4 5. h3 Bh5 6. O-O h6 7. d3 Nd4 8. Nxe5
Nf6 9. Ng4 Bxg4 10. hxg4 Qd7 11. Be3 Nc6 12. f3 Ne5 13. Bb5 c6 14. Ba4 g5 15.
d4 Nc4 16. Bf2 h5 17. gxh5 Nxh5 18. d5 Nf4 19. dxc6 bxc6 20. Re1 Nxg2 21. Qd4
Ne5 22. Re3 Nxe3 23. Qxe3 Rh1+ 24. Kxh1 Qh3+ 25. Kg1 Nxf3+ 26. Qxf3 Qxf3 27.
Bxc6+ Kd8 28. Bxa8 Qg4+ 29. Kf1 Qh3+ 30. Ke2 Qg4+ 31. Kd2 Qg2 32. Ke3 d5 33.
Be1 Bc5+ 34. Kd3 Qf3+ 35. Kd2 Be3+ 36. Kd3 Bf4+ 37. Kd4 dxe4 38. Bxe4 Qe3+ 39.
Kc4 Be5 40. Rd1+ Ke8 41. Bc6+ Kf8 42. Rd8+ Kg7 43. Bd2 Qb6 44. Rc8 Qd4+ 45. Kb3
Qxd2 46. Ne4 Qe3+ 47. c3 f5 48. Nxg5 Qxg5 49. Re8 Qe3 50. Bd5 Qb6+ 51. Kc2 Kf6
52. Re6+ Qxe6 53. Bxe6 Kxe6 54. Kd2 Kd5 55. b3 Ke4 56. c4 Kd4 57. a3 f4 58. a4
f3 59. Ke1 Bg3+ 60. Kf1 Kc3 61. a5 Kxb3 0-1

[Event "Howard Ridout Swiss U1700"]
[Site "Toronto CAN"]
[Date "2010.09.30"]
[Round "4"]
[White "Graham, John"]
[Black "Teram, Eli"]
[Result "1-0"]
[WhiteElo "1486"]
[BlackElo "1320"]
[PlyCount "45"]
[EventDate "2010.09.09"]
[EventType "swiss"]
[EventRounds "6"]
[EventCountry "CAN"]

1. c4 e5 2. g3 Nc6 3. Bg2 Nf6 4. Nc3 Bc5 5. e3 O-O 6. Nge2 Nb4 7. d4 exd4 8.
exd4 Bb6 9. a3 Nc6 10. c5 Ba5 11. b4 Nxb4 12. axb4 Bxb4 13. Qb3 a5 14. O-O Re8
15. Be3 Ng4 16. Nd5 Nxe3 17. fxe3 Qg5 18. Rf4 Rb8 19. Nxb4 d5 20. Rxa5 c6 21.
Nxc6 Bg4 22. Nxb8 Rxb8 23. Bxd5 1-0

[Event "Howard Ridout Swiss U1700"]
[Site "Toronto CAN"]
[Date "2010.09.30"]
[Round "4"]
[White "Liu, Peter"]
[Black "Aghamalian, Leonid"]
[Result "1-0"]
[WhiteElo "1219"]
[BlackElo "1457"]
[PlyCount "79"]
[EventDate "2010.09.09"]
[EventType "swiss"]
[EventRounds "6"]
[EventCountry "CAN"]

1. e4 e5 2. Nf3 Nf6 3. Nc3 Bb4 4. Bc4 d6 5. d3 O-O 6. O-O Nc6 7. Bg5 Na5 8. Nd5
Bc5 9. Nxf6+ gxf6 10. Bh6 Re8 11. a3 Nxc4 12. dxc4 Kh8 13. b4 Bb6 14. a4 a5 15.
c3 Rg8 16. Nh4 Qd7 17. Nf5 Rg6 18. Qd5 Qe8 19. Be3 Bxf5 20. exf5 Rg8 21. Bxb6
cxb6 22. Qxd6 Qc6 23. Qxc6 bxc6 24. b5 c5 25. Rad1 Rad8 26. f4 e4 27. Rfe1 Rd3
28. Rxd3 exd3 29. Rd1 Rd8 30. Kf2 Kg8 31. Ke3 Kf8 32. Rxd3 Rxd3+ 33. Kxd3 Ke7
34. Ke4 Kd6 35. g4 h6 36. h4 Ke7 37. Kd5 Kd7 38. g5 fxg5 39. fxg5 hxg5 40. hxg5
1-0

[Event "Howard Ridout Swiss U1700"]
[Site "Toronto CAN"]
[Date "2010.09.30"]
[Round "4"]
[White "Muir, Tom"]
[Black "Azizi, Hamid"]
[Result "1-0"]
[WhiteElo "1548"]
[BlackElo "1545"]
[PlyCount "83"]
[EventDate "2010.09.09"]
[EventType "swiss"]
[EventRounds "6"]
[EventCountry "CAN"]

1. d4 Nf6 2. c4 g6 3. Nc3 d5 4. cxd5 Nxd5 5. e4 Nxc3 6. bxc3 Bg7 7. Nf3 c5 8.
Bb5+ Bd7 9. Bxd7+ Nxd7 10. O-O O-O 11. Qb3 b6 12. e5 Rc8 13. Re1 c4 14. Qa4 Rc7
15. Ba3 Re8 16. Ng5 h6 17. Ne4 Nf8 18. f4 Ne6 19. g3 g5 20. f5 Nxd4 21. Red1
Bxe5 22. Kf1 Qc8 23. cxd4 Qxf5+ 24. Nf2 Rec8 25. dxe5 Qxe5 26. Re1 Qf6 27. Qa6
e5 28. Kg1 c3 29. Ne4 Qe6 30. Nxc3 Rxc3 31. Bb2 Rc2 32. Rxe5 Qh3 33. Re2 h5 34.
Qb5 R2c5 35. Re8+ Kh7 36. Qd3+ Qf5 37. Qxf5+ Rxf5 38. Rae1 Rb5 39. Bd4 Kg6 40.
Rf1 Rd5 41. Rf6+ Kg7 42. Rd6+ 1-0

[Event "Howard Ridout Swiss U1700"]
[Site "Toronto CAN"]
[Date "2010.09.30"]
[Round "4"]
[White "Roy, Lawrence"]
[Black "Pishdad, Hassan"]
[Result "0-1"]
[WhiteElo "888"]
[BlackElo "1322"]
[PlyCount "72"]
[EventDate "2010.09.09"]
[EventType "swiss"]
[EventRounds "6"]
[EventCountry "CAN"]

1. e4 c5 2. Nf3 d6 3. d4 cxd4 4. Nxd4 Nc6 5. Nxc6 bxc6 6. Be2 Bb7 7. O-O Nf6 8.
Nc3 e5 9. Re1 Be7 10. b3 O-O 11. f4 Qb6+ 12. Kh1 Rad8 13. Bf3 a6 14. Na4 Qc7
15. Be3 c5 16. Qc1 Nxe4 17. b4 Qd7 18. bxc5 Qxa4 19. Rb1 Bd5 20. cxd6 Bxd6 21.
Bb6 Rc8 22. fxe5 Bxe5 23. Qd1 Nf2+ 24. Kg1 Nxd1 25. Rbxd1 Bxf3 26. gxf3 Qxc2
27. Rc1 Qxh2+ 28. Kf1 Qh3+ 29. Kg1 Bh2+ 30. Kf2 Bg3+ 31. Ke3 Rfe8+ 32. Kd2 Qg2+
33. Kd3 Bxe1 34. Rxc8 Qd2+ 35. Kc4 Rxc8+ 36. Kb3 Qb4# 0-1